000 00302nam a22001337a 4500
008 181206b xxu||||| |||| 00| 0 eng d
020 _a9780520212589
041 _aeng
080 _a710
100 _a45
101 _aART
245 _aThe Art Of Richard Diebenkorn
_cDavid.R.A
942 _2udc
_cBK
999 _c52933
_d52933